000 00641nam a2200121Ia 4500
008 220616s9999||||xx |||||||||||||| ||und||
245 0 _aSelf-Representation in an Expanded Field
_bFrom Self-Portraiture to Selfie, Contemporary Art in the Social Media Age
546 _aEnglish[eng]
650 _aSelfies||self-portraiture||social media||art history||representation||photography||contemporary art||Intersectionality||intersectional approaches||identity||aesthetics||contemporary life||consumer culture||avant-guard
700 _aLehner, Ace
856 _uhttps://library.oapen.org/bitstream/20.500.12657/49693/1/9783038975649.pdf
942 _cEB
999 _c20200
_d20200